Εστίες ελληνικού πολιτισμού
Αποθηκεύτηκε σε:
| Κύριος συγγραφέας: | |
|---|---|
| Μορφή: | Βιβλίο |
| Γλώσσα: | Greek |
| Δημοσίευση: |
Αθήνα :
Πύρινος Κόσμος,
1994.
|
| Θέματα: | |
| Ετικέτες: |
Προσθήκη ετικέτας
Δεν υπάρχουν, Καταχωρήστε ετικέτα πρώτοι!
|
MARC
| LEADER | 00000nam a2200000 i 4500 | ||
|---|---|---|---|
| 001 | 1/70886 | ||
| 008 | 990226s1994 gr | ||| |||| ||gre|| | ||
| 020 | |a 9607327799 | ||
| 035 | |l 10048211 | ||
| 040 | |a GR-MY-UA |b gre |e aacr | ||
| 041 | 0 | |a gre | |
| 082 | 7 | |a 709.495 | |
| 100 | 1 | |a Προκοπίου, Άγγελος Γ. |d 1909-1967. | |
| 245 | 1 | 0 | |a Εστίες ελληνικού πολιτισμού / |c Αγγελου Γ. Προκοπίου. |
| 260 | |a Αθήνα : |b Πύρινος Κόσμος, |c 1994. | ||
| 300 | |a 2 τ. | ||
| 505 | 0 | |a τ.1: Στην αρχαιότητα. - τ.2: Στο Βυζάντιο | |
| 650 | 0 | 0 | |a Art, Classical |z Greece. |
| 650 | 0 | 0 | |a Art, Hellenistic |z Greece. |
| 650 | 0 | 0 | |a Art, Byzantine |z Greece. |
| 650 | 0 | 0 | |a Architecture, Byzantine. |
| 852 | |a INST |b RHODES |e 19990610 |h 709.495 ΠΡΟ |p 005400015088 |q 005400015088 |t BK |y 0 |z τ.1 | ||
| 852 | |a INST |b RHODES |e 19990226 |h 709.495 ΠΡΟ |p 005400015676 |q 005400015676 |t BK |y 0 |z τ.2 | ||
| 852 | |a INST |b RHODES |e 19990610 |h 709.495 ΠΡΟ |p 005400015088 |q 005400015088 |t BK |v τ.1: |y 0 |z τ.1 | ||
| 852 | |a INST |b RHODES |e 19990226 |h 709.495 ΠΡΟ |p 005400015676 |q 005400015676 |t BK |v τ.2: |y 0 |z τ.2 | ||
| 853 | |a INST |b RHODES |h 709.495 ΠΡΟ | ||
| 901 | |a BIBL-1999-1 | ||
| 909 | |a Ρ |b 053340 |c 1998 | ||
| 909 | |a Ρ |b 065523 |c 1999 | ||
| 922 | |a 4ΕΛΗ |b 199801 |c ΚΠΣ/ΔΕ |d EMVASIS | ||
| 970 | |z 2000/06/ΚΑΤΕΡΙΝΑ | ||
| 970 | |z 2000/06/ΚΑΤΕΡΙΝΑ | ||
| 970 | |z 2000/06/ΚΑΤΕΡΙΝΑ | ||